banner-ar

ادارة الازمات المالية العالمية : (Record no. 61965)

MARC details
000 -الفاتح
حقل البيانات ثابتة الطول 01015nam a22002537a 4500
005 - وقت وتاريخ اخر تعامل مع التسجيلة
رقم الضبط 20240530110525.0
008 - عناصر البيانات ثابتة الطول - معلومات عامة
حقل البيانات ثابتة الطول 150531s2010 ua a g 000 0 ara d
017 ## - رقم الايداع القانونى
رقم الايداع القانونى 24301
المصدر ( الهيئة المختصة) مصر . دار الكتب المصرية
020 ## - الرقم الدولى المعيارى للكتب
الرقم الدولى المعيارى للكتاب 9789773771096
040 ## - مصدر الفهرسة
وكالة الفهرسة الأصلية EG-CaGPL
082 04 - رقم تصنيف ديوى العشرى
رقم الطبعة 21
رقم التصنيف 332.6\
رقم المادة ع إ
100 0# - المدخل الرئيسى - إسم شخصى
الإسم الشخصى عادل رزق .
245 10 - بيان العنوان
العنوان ادارة الازمات المالية العالمية :
بقية العنوان منظومة الاصلاح الادارى بين النظرية و التطبيق /
بيان المسئوليه,etc تاليف عادل رزق .
250 ## - بيان الطبعة
بيان الطبعة ط1.
260 ## - PUBLICATION, DISTRIBUTION, ETC. (IMPRINT)
تاريخ النشر أو التوزيع 2010 .
300 ## - الوصف المادى
التعداد 528 ص ؛
أبعاد الوعاء 24 سم .
650 04 - المدخل الاضافى بالموضوع-مصطلح موضوعى
مصطلح موضوعي الازمة المالية العالمية .
650 04 - المدخل الاضافى بالموضوع-مصطلح موضوعى
مصطلح موضوعي حوكمة البنوك .
650 04 - المدخل الاضافى بالموضوع-مصطلح موضوعى
مصطلح موضوعي خصخصة البنوك .
650 04 - المدخل الاضافى بالموضوع-مصطلح موضوعى
مصطلح موضوعي الازمة المالية العالمية
التقسيم الفرعي العام اسباب .
650 04 - المدخل الاضافى بالموضوع-مصطلح موضوعى
مصطلح موضوعي الازمات الاقتصادية .
942 ## - عناصر المدخل الإضافي( كوها)
مصدر التصنيف او مخطط الترفيف Dewey Decimal Classification
Koha [default] item type كتاب
260 ## - PUBLICATION, DISTRIBUTION, ETC. (IMPRINT)
-- القاهرة :
-- مجموعة النيل العربية ،
Holdings
حالة التراجع حالة الفقد حالة تلف ليس للاعارة المكان المؤقت الموقع الحالى تاريخ الاكتساب اجمالي اﻻعارات رقم الطلب الباركود تاريخ اخر مشاهدة تاريخ تفعيل السعر نوع وعاء كوها
        مكتبة القاهرة الكبرى مكتبة القاهرة الكبرى 02/24/2016   332.6\ ع إ 161424 02/24/2016 02/24/2016 كتاب

Powered By

EGPV